[Event "Titled Tuesday intern op 16th Apr Early"]
[Site "Chess.com INT"]
[Date "2024.04.16"]
[Round "1"]
[White "Rendle, Thomas E"]
[Black "Bielinski, Dariusz"]
[Result "1-0"]
[WhiteElo "2380"]
[BlackElo "2135"]
[PlyCount "95"]
[EventDate "2024.04.16"]
[EventType "swiss (blitz)"]
[EventRounds "11"]
[EventCountry "USA"]
[SourceTitle "CB17_2024"]
[SourceDate "2024.04.24"]
[SourceVersion "1"]
[SourceVersionDate "2024.04.24"]
[SourceQuality "1"]

1. d4 d6 2. e4 g6 3. Nc3 Bg7 4. Nf3 a6 5. a4 b6 6. Bc4 e6 7. 0-0 Ne7 8. Bb3 0-0 9. Ne2 Bb7 10. Ng3 Nd7 11. Re1 c5 12. c3 Rc8 13. Bf4 cxd4 14. cxd4 d5 15. Bg5 dxe4 16. Nxe4 h6 17. Bh4 Bxe4 18. Rxe4 Nf6 19. Re1 g5 20. Bg3 Nf5 21. Be5 Nd5 22. Bxg7 Kxg7 23. Bc2 Qf6 24. Rc1 Rfd8 25. Ne5 Nf4 26. Bxf5 Rxc1 27. Qxc1 Qxf5 28. Qc7 Rxd4 29. Qxb6 Ne2+ 30. Kf1 Qxe5 31. Qxa6 Re4 32. Rxe2 Rxe2 33. Qxe2 Qxh2 34. Qe4 Qh1+ 35. Ke2 Qc1 36. Qd4+ Kg8 37. a5 Qc2+ 38. Kf3 Qb3+ 39. Kg4 Qb7 40. f3 Qc8 41. Kh5 Kh7 42. b4 Qg8 43. Qf6 Qg6+ 44. Qxg6+ fxg6+ 45. Kg4 Kg7 46. a6 Kf6 47. a7 h5+ 48. Kg3 1-0

[Event "Titled Tuesday intern op 16th Apr Early"]
[Site "Chess.com INT"]
[Date "2024.04.16"]
[Round "5"]
[White "Rendle, Thomas E"]
[Black "Miszler, Levente"]
[Result "1-0"]
[WhiteElo "2380"]
[BlackElo "2273"]
[PlyCount "117"]
[EventDate "2024.04.16"]
[EventType "swiss (blitz)"]
[EventRounds "11"]
[EventCountry "USA"]
[SourceTitle "CB17_2024"]
[SourceDate "2024.04.24"]
[SourceVersion "1"]
[SourceVersionDate "2024.04.24"]
[SourceQuality "1"]

1. e4 e6 2. Nf3 d5 3. Nc3 d4 4. Ne2 c5 5. c3 Nc6 6. cxd4 cxd4 7. Qa4 Bc5 8. b4 Bb6 9. b5 Nce7 10. Nexd4 Nf6 11. d3 Ng4 12. h3 Nxf2 13. Kxf2 e5 14. Be3 exd4 15. Bxd4 0-0 16. Be2 f5 17. Bxb6 Qxb6+ 18. Kg3 fxe4 19. dxe4 Ng6 20. e5 Be6 21. Rhf1 Rf4 22. Qa3 Raf8 23. Qd6 Qxd6 24. exd6 Bd7 25. a4 R4f6 26. Rfd1 Re8 27. Bc4+ Kf8 28. Rd4 h6 29. Rc1 Ne5 30. Nxe5 Rxe5 31. Bd3 Re3+ 32. Kh2 Ree6 33. Be4 Rxd6 34. Rxd6 Rxd6 35. Bxb7 Rd4 36. Rc7 Ke8 37. Bc6 Bxc6 38. bxc6 Rxa4 39. Rxg7 Kd8 40. Kg3 a5 41. Ra7 Ra1 42. Kh4 Ra2 43. g4 Ra3 44. Rh7 Rc3 45. Rxh6 a4 46. Rh8+ Kc7 47. Ra8 a3 48. Ra6 Rd3 49. g5 Rc3 50. Kg4 Rc4+ 51. Kh5 Rc3 52. h4 Rg3 53. Kg6 Rc3 54. Kg7 Rh3 55. g6 Rxh4 56. Rxa3 Kxc6 57. Rd3 Rf4 58. Kg8 Rf3 59. Rxf3 1-0

[Event "Titled Tuesday intern op 13th Feb Early"]
[Site "Chess.com INT"]
[Date "2024.02.13"]
[Round "3"]
[White "Jegorovas, Aleksandras"]
[Black "Rendle, Thomas E"]
[Result "1-0"]
[WhiteElo "2270"]
[BlackElo "2376"]
[PlyCount "85"]
[EventDate "2024.02.13"]
[EventType "swiss (blitz)"]
[EventRounds "11"]
[EventCountry "USA"]
[SourceTitle "CB08_2024"]
[SourceDate "2024.02.21"]
[SourceVersion "1"]
[SourceVersionDate "2024.02.21"]
[SourceQuality "1"]

1. d4 Nf6 2. c4 g6 3. Nc3 Bg7 4. e4 d6 5. Nf3 0-0 6. Be2 e5 7. 0-0 h6 8. Re1 a5 9. Bf1 Nc6 10. d5 Ne7 11. Rb1 Nd7 12. a3 f5 13. b4 Nf6 14. Nd2 f4 15. c5 g5 16. Nc4 g4 17. cxd6 cxd6 18. bxa5 g3 19. f3 Rxa5 20. Nxa5 Qxa5 21. Nb5 Ng6 22. h3 Nh4 23. Kh1 Nh7 24. Bd2 Qd8 25. Bb4 Rf6 26. Rc1 Bf8 27. Rxc8 Qxc8 28. Qc1 Qe8 29. Qc7 Qg6 30. Be2 Ng5 31. Qc8 h5 32. Rg1 Nxe4 33. fxe4 Qxe4 34. Nc3 Qg6 35. Bf3 Nxf3 36. gxf3 Qc2 37. Rg2 Qc1+ 38. Rg1 Qd2 39. Rg2 Qe1+ 40. Rg1 Qf2 41. Rg2 Qf1+ 42. Rg1 Qxh3+ 43. Qxh3 1-0

[Event "Titled Tuesday intern op 13th Feb Early"]
[Site "Chess.com INT"]
[Date "2024.02.13"]
[Round "4"]
[White "Rendle, Thomas E"]
[Black "Rees, Ioan"]
[Result "1-0"]
[WhiteElo "2376"]
[BlackElo "2266"]
[PlyCount "37"]
[EventDate "2024.02.13"]
[EventType "swiss (blitz)"]
[EventRounds "11"]
[EventCountry "USA"]
[SourceTitle "CB08_2024"]
[SourceDate "2024.02.21"]
[SourceVersion "1"]
[SourceVersionDate "2024.02.21"]
[SourceQuality "1"]

1. f4 d5 2. Nf3 Bg4 3. e3 Nc6 4. d4 e6 5. Bd3 Bd6 6. 0-0 Nge7 7. c4 dxc4 8. Bxc4 Nf5 9. Nc3 g5 10. fxg5 h6 11. g6 fxg6 12. Bxe6 Bxh2+ 13. Kxh2 Qd6+ 14. Kg1 Qxe6 15. d5 Nxe3 16. dxe6 Nxd1 17. Rxd1 Bxe6 18. Nb5 Rc8 19. Bf4 1-0

[Event "BCF-chT 2324 (4NCL)"]
[Site "England"]
[Date "2024.01.14"]
[Round "4.3"]
[White "Wadsworth, Matthew J"]
[Black "Rendle, Thomas E"]
[Result "1/2-1/2"]
[WhiteElo "2450"]
[BlackElo "2378"]
[PlyCount "37"]
[EventDate "2023.11.11"]
[EventType "team-tourn"]
[EventRounds "11"]
[EventCountry "ENG"]
[SourceTitle "CB11_2024"]
[SourceDate "2024.03.13"]
[SourceVersion "1"]
[SourceVersionDate "2024.03.13"]
[SourceQuality "1"]
[WhiteTeam "Wood Green"]
[BlackTeam "The Sharks"]
[WhiteTeamCountry "ENG"]
[BlackTeamCountry "ENG"]

1. d4 d5 2. c4 c6 3. Nf3 Nf6 4. Nc3 e6 5. e3 Nbd7 6. Be2 Bd6 7. 0-0 0-0 8. b3 b6 9. Bb2 Bb7 10. Bd3 Qe7 11. Re1 Rfe8 12. e4 dxc4 13. bxc4 e5 14. Ne2 Bb4 15. Rf1 Ba3 16. Bc3 Bb4 17. Bb2 Ba3 18. Bc3 Bb4 19. Bb2 1/2-1/2

[Event "BCF-chT 2324 (4NCL)"]
[Site "England"]
[Date "2024.01.13"]
[Round "3.5"]
[White "Rendle, Thomas E"]
[Black "Li, Harry"]
[Result "1/2-1/2"]
[WhiteElo "2378"]
[BlackElo "2113"]
[PlyCount "58"]
[EventDate "2023.11.11"]
[EventType "team-tourn"]
[EventRounds "11"]
[EventCountry "ENG"]
[SourceTitle "CB11_2024"]
[SourceDate "2024.03.13"]
[SourceVersion "1"]
[SourceVersionDate "2024.03.13"]
[SourceQuality "1"]
[WhiteTeam "The Sharks"]
[BlackTeam "Chessable White Rose II"]
[WhiteTeamCountry "ENG"]
[BlackTeamCountry "ENG"]

1. d4 d5 2. c4 e6 3. Nf3 c5 4. cxd5 exd5 5. g3 Nc6 6. Bg2 Nf6 7. 0-0 Be7 8. dxc5 Bxc5 9. a3 Ne4 10. Nfd2 0-0 11. Nxe4 dxe4 12. Qxd8 Rxd8 13. Bxe4 Bd4 14. Kg2 Re8 15. Bf3 Ne5 16. Bd5 Rd8 17. Be4 f5 18. Bc2 Be6 19. Nc3 h6 20. Nb5 Bb6 21. Bf4 Rac8 22. Bb1 Nc4 23. Ba2 g5 24. Bc1 Kf7 25. Nc3 Bd4 26. Bxc4 Bxc4 27. Be3 Bxc3 28. bxc3 Bxe2 29. Rfe1 Bb5 1/2-1/2

[Event "Titled Tuesday intern op 19th Dec Early"]
[Site "Chess.com INT"]
[Date "2023.12.19"]
[Round "2"]
[White "Rendle, Thomas E"]
[Black "Jankowiak, Tomasz"]
[Result "1/2-1/2"]
[WhiteElo "2378"]
[BlackElo "2149"]
[PlyCount "124"]
[EventDate "2023.12.19"]
[EventType "swiss (blitz)"]
[EventRounds "11"]
[EventCountry "USA"]
[SourceTitle "CB52_2023"]
[SourceDate "2023.12.27"]
[SourceVersion "1"]
[SourceVersionDate "2023.12.27"]
[SourceQuality "1"]

1. e4 c5 2. Nf3 Nf6 3. e5 Nd5 4. Nc3 e6 5. Nxd5 exd5 6. d4 Nc6 7. c3 d6 8. Bb5 dxe5 9. Nxe5 Qb6 10. Qa4 Bd7 11. Nxd7 Kxd7 12. c4 Re8+ 13. Be3 cxd4 14. cxd5 dxe3 15. 0-0 exf2+ 16. Kh1 Bd6 17. Rac1 Rc8 18. dxc6+ bxc6 19. Qg4+ Ke7 20. Bc4 Qe3 21. Qh4+ g5 22. Qh3 Rce8 23. Rc3 Qxh3 24. Rxh3 Kd8 25. Rxf2 Re1+ 26. Rf1 Rxf1+ 27. Bxf1 Re8 28. Rxh7 Re1 29. Rxf7 Ke8 30. Rf3 g4 31. Rf5 Ke7 32. g3 Ke6 33. Rf2 Bc5 34. Re2+ Rxe2 35. Bxe2 Kf5 36. Bd3+ Kg5 37. Be4 Bd4 38. b3 c5 39. Kg2 Bc3 40. h4+ gxh3+ 41. Kxh3 Bd4 42. Kg2 a5 43. Kf3 Bc3 44. Bb7 Bb4 45. Bc8 Bc3 46. Ke4 Be1 47. Kd5 Bxg3 48. Kxc5 Be1 49. Kb5 Kf6 50. a3 Ke5 51. Bb7 Kd6 52. Kb6 Bd2 53. Bf3 Be1 54. Be2 Bd2 55. Bc4 Be1 56. Bg8 Bd2 57. b4 axb4 58. a4 b3 59. Bxb3 Be1 60. Kb5 Bd2 61. Kb6 Be1 62. a5 Bxa5+ 1/2-1/2

[Event "BCF-chT 2324 (4NCL)"]
[Site "England"]
[Date "2023.11.12"]
[Round "2.1"]
[White "Rendle, Thomas E"]
[Black "Galyas, Miklos"]
[Result "1/2-1/2"]
[WhiteElo "2385"]
[BlackElo "2452"]
[PlyCount "33"]
[EventDate "2023.11.11"]
[EventType "team-tourn"]
[EventRounds "11"]
[EventCountry "ENG"]
[SourceTitle "CB46_2023"]
[SourceDate "2023.11.15"]
[SourceVersion "1"]
[SourceVersionDate "2023.11.15"]
[SourceQuality "1"]
[WhiteTeam "The Sharks"]
[BlackTeam "Manx Liberty"]
[WhiteTeamCountry "ENG"]
[BlackTeamCountry "ENG"]

1. d4 d5 2. c4 e6 3. Nf3 h6 4. g3 Nf6 5. Bg2 Bd6 6. 0-0 0-0 7. Qc2 b6 8. Nc3 Bb7 9. cxd5 exd5 10. Nb5 Nc6 11. Nxd6 cxd6 12. Bd2 Ne4 13. Rfc1 b5 14. Be1 Qb6 15. e3 Rac8 16. Qb3 Na5 17. Bxa5 1/2-1/2

[Event "Titled Tuesday intern op 05th Sep Early"]
[Site "Chess.com INT"]
[Date "2023.09.05"]
[Round "1"]
[White "Rendle, Thomas E"]
[Black "Foerster Yialamas, Lucas"]
[Result "1-0"]
[WhiteElo "2385"]
[BlackElo "2157"]
[PlyCount "213"]
[EventDate "2023.09.05"]
[EventType "swiss (blitz)"]
[EventRounds "11"]
[EventCountry "USA"]
[SourceTitle "EXT 2024"]
[Source "ChessBase"]
[SourceDate "2023.10.10"]
[SourceVersion "1"]
[SourceVersionDate "2023.10.10"]
[SourceQuality "1"]

1. e4 e5 2. Nf3 Nc6 3. Bc4 Bc5 4. d3 h6 5. c3 Nf6 6. Nbd2 a5 7. a4 d6 8. h3 g5 9. Bb5 g4 10. hxg4 Bxg4 11. Nf1 d5 12. Be3 dxe4 13. Bxc5 exf3 14. gxf3 Qd5 15. Ne3 Qxf3 16. Qxf3 Bxf3 17. Rh3 Nd7 18. Ba3 e4 19. dxe4 Bxe4 20. 0-0-0 0-0-0 21. Rh4 Bg6 22. Nd5 Nb6 23. Nxb6+ cxb6 24. Rdh1 h5 25. Be2 Rd5 26. Bc4 Rf5 27. R4h2 Ne5 28. Be2 Kc7 29. Be7 Re8 30. Bh4 Ng4 31. Bg3+ Kc8 32. Rxh5 Rxh5 33. Bxg4+ Rf5 34. Bxf5+ Bxf5 35. Rh4 Bg6 36. Rc4+ Kd8 37. Bc7+ Kd7 38. Bxb6 Re1+ 39. Kd2 Rb1 40. b4 axb4 41. cxb4 Rb2+ 42. Ke3 Rb3+ 43. Kf4 Rd3 44. Rc7+ Ke6 45. Rxb7 Bh5 46. Kg5 Bg6 47. Be3 Rd5+ 48. Kf4 Rf5+ 49. Kg3 Re5 50. Rb6+ Kf5 51. Rc6 Re4 52. Rc5+ Ke6 53. a5 Rxb4 54. Rc6+ Kd7 55. Rf6 Ra4 56. a6 Ke7 57. Rc6 Be4 58. Rb6 Bd5 59. Rb5 Ke6 60. a7 Ra2 61. Rb8 Ra4 62. Rd8 Ra3 63. Kf4 Ra4+ 64. Kg5 Ra5 65. Re8+ Kd7 66. Re5 Kd6 67. Bf4 Rxa7 68. Rf5+ Ke6 69. Re5+ Kd6 70. Re8+ Kc6 71. Rc8+ Kd7 72. Rc5 Ke6 73. Rb5 Rd7 74. Rb6+ Ke7 75. Be5 f6+ 76. Bxf6+ Kf7 77. Be5 Be6 78. Rb4 Rd5 79. f4 Ke7 80. Rb2 Kd7 81. Rh2 Kc6 82. Rh7 Kc5 83. Rc7+ Kb4 84. Kf6 Bh3 85. Ke7 Rb5 86. Rc2 Ka4 87. Kf6 Rb3 88. Rc4+ Rb4 89. Rc7 Rb3 90. Kg5 Kb4 91. f5 Bxf5 92. Kxf5 Ka4 93. Ke4 Rb5 94. Bd4 Rb3 95. Kd5 Rb5+ 96. Bc5 Kb3 97. Re7 Ka4 98. Re4+ Ka5 99. Kc6 Rb8 100. Re3 Rc8+ 101. Kd5 Rb8 102. Kc4 Ka6 103. Re7 Rb7 104. Re8 Rb8 105. Rxb8 Ka5 106. Rb6 Ka4 107. Ra6# 1-0

[Event "World-chT Rapid"]
[Site "Dusseldorf"]
[Date "2023.08.26"]
[Round "3.11"]
[White "Krastev, Alexander"]
[Black "Rendle, Thomas E"]
[Result "1-0"]
[WhiteElo "2411"]
[BlackElo "2385"]
[PlyCount "103"]
[EventDate "2023.08.26"]
[EventType "team-swiss (rapid)"]
[EventRounds "12"]
[EventCountry "GER"]
[SourceTitle "CBM 215 Extra"]
[Source "ChessBase"]
[SourceDate "2023.09.30"]
[SourceVersion "1"]
[SourceVersionDate "2023.09.30"]
[SourceQuality "1"]
[WhiteTeam "Hemer"]
[BlackTeam "The Sharks"]
[WhiteTeamCountry "GER"]
[BlackTeamCountry "ENG"]

1. e4 e6 2. d4 d5 3. e5 c5 4. c3 Nc6 5. Nf3 Bd7 6. Be2 Nge7 7. 0-0 Ng6 8. g3 cxd4 9. cxd4 f6 10. exf6 Qxf6 11. Nc3 Bd6 12. Bg5 Qf5 13. Be3 0-0 14. Ne1 Qf6 15. f4 Nge7 16. Nf3 Nf5 17. Bf2 Qh6 18. Qd2 Rac8 19. Rae1 Be8 20. Bd3 Bh5 21. Be2 Bxf3 22. Bxf3 Ncxd4 23. Bg2 Kh8 24. Kh1 Nc6 25. a3 a6 26. Re2 Qf6 27. Rd1 Bc7 28. Na4 Bd6 29. b4 Ncd4 30. Bxd4 Nxd4 31. Qxd4 Qxd4 32. Rxd4 Rc1+ 33. Bf1 Rxf1+ 34. Kg2 Ra1 35. Rxe6 Rxa3 36. Rxd6 Rxa4 37. R6xd5 h6 38. Rd7 b5 39. Rb7 Ra2+ 40. Kh3 Rb2 41. Rdd7 Rg8 42. f5 Rf2 43. Rf7 h5 44. Ra7 Kh7 45. Rxa6 Rb2 46. Kh4 Rxh2+ 47. Kg5 Kh8 48. f6 gxf6+ 49. Kh6 Rc8 50. Raa7 Kg8 51. Rg7+ Kf8 52. Rh7 1-0

[Event "World-chT Rapid"]
[Site "Dusseldorf"]
[Date "2023.08.26"]
[Round "1.11"]
[White "Rendle, Thomas E"]
[Black "Rabiega, Robert"]
[Result "1-0"]
[WhiteElo "2385"]
[BlackElo "2468"]
[PlyCount "73"]
[EventDate "2023.08.26"]
[EventType "team-swiss (rapid)"]
[EventRounds "12"]
[EventCountry "GER"]
[SourceTitle "CBM 215 Extra"]
[Source "ChessBase"]
[SourceDate "2023.09.30"]
[SourceVersion "1"]
[SourceVersionDate "2023.09.30"]
[SourceQuality "1"]
[WhiteTeam "The Sharks"]
[BlackTeam "Berlin Chess Federation"]
[WhiteTeamCountry "ENG"]
[BlackTeamCountry "GER"]

1. d4 d5 2. c4 e6 3. Nf3 c5 4. cxd5 exd5 5. g3 Nc6 6. Bg2 Nf6 7. 0-0 Be7 8. dxc5 Bxc5 9. Nc3 0-0 10. Na4 Be7 11. Be3 Ne4 12. Rc1 Re8 13. Nd4 Bd7 14. Nb3 Be6 15. Nac5 Nxc5 16. Nxc5 Bxc5 17. Bxc5 d4 18. b4 Bd5 19. Bxd5 Qxd5 20. b5 Ne5 21. Bxd4 Qxa2 22. Bxe5 Rxe5 23. Qd7 h5 24. Qxb7 Rae8 25. e3 h4 26. Ra1 Qc4 27. Qc6 Qg4 28. Rxa7 hxg3 29. hxg3 R8e6 30. Qc8+ Kh7 31. Rxf7 Rh5 32. Qc2+ Rg6 33. Rd1 Qh3 34. Qe4 Rxb5 35. Rd6 Rbg5 36. Rxg6 Rxg6 37. Qh1 1-0

[Event "Titled Tuesday intern op 01st Aug Early"]
[Site "Chess.com INT"]
[Date "2023.08.01"]
[Round "1"]
[White "Bueno, Alfeu Varela Jr"]
[Black "Rendle, Thomas E"]
[Result "0-1"]
[WhiteElo "2135"]
[BlackElo "2385"]
[PlyCount "76"]
[EventDate "2023.08.01"]
[EventType "swiss (blitz)"]
[EventRounds "11"]
[EventCountry "USA"]
[SourceTitle "EXT 2024"]
[Source "ChessBase"]
[SourceDate "2023.10.10"]
[SourceVersion "1"]
[SourceVersionDate "2023.10.10"]
[SourceQuality "1"]

1. e4 e6 2. d4 d5 3. Nd2 a6 4. Bd3 c5 5. c3 Nc6 6. Ne2 cxd4 7. cxd4 dxe4 8. Nxe4 Bb4+ 9. Bd2 Nf6 10. 0-0 Be7 11. Bg5 Nxe4 12. Bxe7 Nxf2 13. Bxd8 Nxd1 14. Bc7 Nxb2 15. Be4 Bd7 16. Rab1 Rc8 17. Bg3 Nc4 18. Bd3 Nd2 19. Rxb7 Nxf1 20. Kxf1 Nd8 21. Bxa6 Nxb7 22. Bxb7 Rc2 23. a4 Bxa4 24. Ke1 0-0 25. Be4 Rc4 26. Kd2 Rd8 27. Bd3 Rcxd4 28. Nxd4 Rxd4 29. Ke3 Rd8 30. Bc7 Rc8 31. Bg3 Bc6 32. Bf1 Bd5 33. Be5 Rc2 34. g4 f6 35. Bg3 e5 36. Bd3 Rc3 37. Kd2 Ra3 38. Ke3 e4 0-1

[Event "Titled Tuesday intern op 01st Aug Early"]
[Site "Chess.com INT"]
[Date "2023.08.01"]
[Round "5"]
[White "Rendle, Thomas E"]
[Black "Morris Suzuki, Alan H"]
[Result "1-0"]
[WhiteElo "2385"]
[BlackElo "1652"]
[PlyCount "43"]
[EventDate "2023.08.01"]
[EventType "swiss (blitz)"]
[EventRounds "11"]
[EventCountry "USA"]
[SourceTitle "EXT 2024"]
[Source "ChessBase"]
[SourceDate "2023.10.10"]
[SourceVersion "1"]
[SourceVersionDate "2023.10.10"]
[SourceQuality "1"]

1. e4 c5 2. Be2 Nc6 3. f4 e6 4. Nf3 Nge7 5. 0-0 g6 6. d4 cxd4 7. Nxd4 Bg7 8. Be3 d5 9. e5 0-0 10. Nc3 a6 11. Kh1 Nxd4 12. Bxd4 Nf5 13. Bc5 Re8 14. Bd3 b6 15. Bf2 Bb7 16. Na4 b5 17. Nc5 Bc6 18. Bxf5 gxf5 19. Bd4 Kh8 20. Qh5 f6 21. Rf3 Ra7 22. Rh3 1-0

[Event "Titled Tuesday intern op 01st Aug Early"]
[Site "Chess.com INT"]
[Date "2023.08.01"]
[Round "4"]
[White "Rendle, Thomas E"]
[Black "Zhenetl, Roman"]
[Result "0-1"]
[WhiteElo "2385"]
[BlackElo "2435"]
[PlyCount "144"]
[EventDate "2023.08.01"]
[EventType "swiss (blitz)"]
[EventRounds "11"]
[EventCountry "USA"]
[SourceTitle "EXT 2024"]
[Source "ChessBase"]
[SourceDate "2023.10.10"]
[SourceVersion "1"]
[SourceVersionDate "2023.10.10"]
[SourceQuality "1"]

1. d4 g6 2. e4 Bg7 3. Nc3 c6 4. Nf3 d5 5. h3 Nf6 6. Bd3 dxe4 7. Nxe4 Bf5 8. Nxf6+ Bxf6 9. Bxf5 Qa5+ 10. c3 Qxf5 11. Bh6 Nd7 12. Qb3 b6 13. 0-0 g5 14. Qa4 b5 15. Qa6 Qd5 16. Ne5 Rg8 17. Rfe1 Bxe5 18. dxe5 Qe6 19. Rad1 Rg6 20. Qb7 Rd8 21. Rd4 c5 22. Rd2 Qc6 23. Qxc6 Rxc6 24. Bxg5 Nf8 25. Rxd8+ Kxd8 26. Rd1+ Ke8 27. Rd5 Ne6 28. Be3 a6 29. f4 c4 30. f5 Nc7 31. Rd4 e6 32. f6 Rc5 33. Rd8+ Kxd8 34. Bxc5 Nd5 35. g3 a5 36. Kf2 b4 37. cxb4 axb4 38. Ke2 Kd7 39. h4 Kc6 40. Bd6 h5 41. Bf8 c3 42. bxc3 Nxc3+ 43. Kd3 Nxa2 44. Kc4 Nc3 45. Bxb4 Ne4 46. Be1 Nc5 47. Kd4 Nd7 48. Bb4 Nb6 49. g4 hxg4 50. h5 g3 51. Be1 g2 52. Bf2 Nd5 53. h6 Nf4 54. h7 Ng6 55. Ke4 Nh8 56. Kf3 Kd5 57. Kxg2 Kxe5 58. Bh4 Kf5 59. Kf3 Kg6 60. Kg4 Kxh7 61. Kh5 Ng6 62. Bg3 Nf8 63. Kg5 Nd7 64. Bd6 Nb6 65. Bc5 Nd5 66. Bd6 Nc3 67. Bb4 Ne4+ 68. Kf4 Nxf6 69. Ke5 Kg6 70. Bd2 Ng4+ 71. Kf4 f5 72. Bc3 e5+ 0-1

[Event "Titled Tuesday intern op 25th Jul Early"]
[Site "Chess.com INT"]
[Date "2023.07.25"]
[Round "4"]
[White "Rendle, Thomas E"]
[Black "Nasta, Kiren Vivek"]
[Result "1-0"]
[WhiteElo "2385"]
[BlackElo "2008"]
[PlyCount "57"]
[EventDate "2023.07.25"]
[EventType "swiss (blitz)"]
[EventRounds "11"]
[EventCountry "USA"]
[SourceTitle "EXT 2024"]
[Source "ChessBase"]
[SourceDate "2023.10.10"]
[SourceVersion "1"]
[SourceVersionDate "2023.10.10"]
[SourceQuality "1"]

1. Nf3 Nf6 2. b3 g6 3. Bb2 Bg7 4. g3 0-0 5. Bg2 d6 6. d4 b5 7. Nfd2 d5 8. e4 dxe4 9. Nxe4 Nxe4 10. Bxe4 c6 11. 0-0 Bb7 12. a4 a6 13. c4 bxc4 14. bxc4 Qb6 15. Ra2 c5 16. dxc5 Qc7 17. Bxg7 Kxg7 18. Bxb7 Qxb7 19. Qd4+ f6 20. Rb2 Qc6 21. Nc3 Nd7 22. Ne4 Rad8 23. Qd5 Qxa4 24. Rb7 Rfe8 25. Qe6 Nf8 26. Rxe7+ Kh6 27. Qxf6 Rxe7 28. Qg5+ Kg7 29. Qxe7+ 1-0

[Event "Bastia op"]
[Site "Bastia"]
[Date "2023.07.10"]
[Round "7"]
[White "Cappelletto, Joshuaede"]
[Black "Rendle, Thomas E"]
[Result "0-1"]
[WhiteElo "2286"]
[BlackElo "2385"]
[PlyCount "66"]
[EventDate "2023.07.09"]
[EventType "swiss"]
[EventRounds "9"]
[EventCountry "FRA"]
[SourceTitle "CBM 215 Extra"]
[Source "ChessBase"]
[SourceDate "2023.09.30"]
[SourceVersion "1"]
[SourceVersionDate "2023.09.30"]
[SourceQuality "1"]

1. e4 e6 2. d4 d5 3. Nc3 Nf6 4. e5 Nfd7 5. f4 c5 6. Nf3 Nc6 7. Be3 Be7 8. Qd2 0-0 9. dxc5 Nxc5 10. 0-0-0 Rb8 11. Kb1 b5 12. h4 b4 13. Bxc5 Bxc5 14. Ne2 Qb6 15. Ng5 f6 16. exf6 gxf6 17. Qd3 fxg5 18. hxg5 Rb7 19. Ng3 Rxf4 20. Nh5 Rd4 21. Nf6+ Kf8 22. Qf3 Rxd1+ 23. Qxd1 Bd4 24. Nxh7+ Rxh7 25. Rxh7 Bg7 26. Qf3+ Kg8 27. Rh1 Qd4 28. c3 bxc3 29. Bd3 c2+ 30. Kxc2 Qxb2+ 31. Kd1 Qa1+ 32. Kd2 Qxh1 33. Bg6 Ne5 0-1

[Event "Bastia op"]
[Site "Bastia"]
[Date "2023.07.09"]
[Round "2"]
[White "Blake, J Morgan"]
[Black "Rendle, Thomas E"]
[Result "0-1"]
[WhiteElo "1984"]
[BlackElo "2385"]
[PlyCount "43"]
[EventDate "2023.07.09"]
[EventType "swiss"]
[EventRounds "9"]
[EventCountry "FRA"]
[SourceTitle "CBM 215 Extra"]
[Source "ChessBase"]
[SourceDate "2023.09.30"]
[SourceVersion "1"]
[SourceVersionDate "2023.09.30"]
[SourceQuality "1"]

1. e4 e6 2. d3 d5 3. Nd2 Nf6 4. Ngf3 Bc5 5. Be2 Nc6 6. c3 dxe4 7. dxe4 a5 8. 0-0 0-0 9. Qc2 e5 10. Nc4 Qe8 11. a4 Nh5 12. Be3 Qe7 13. Rad1 Nf4 14. Nfxe5 Nxe2+ 15. Qxe2 Nxe5 16. Rd5 Nd7 17. Rfd1 Qxe4 18. f3 Bxe3+ 19. Nxe3 Qe6 20. R5d4 Nc5 21. Qd2 Nb3 22. Qd3 0-1

[Event "Titled Tuesday intern op 30th May Early"]
[Site "Chess.com INT"]
[Date "2023.05.30"]
[Round "3"]
[White "Rendle, Thomas E"]
[Black "Fridman, Daniel"]
[Result "0-1"]
[WhiteElo "2375"]
[BlackElo "2574"]
[PlyCount "76"]
[EventDate "2023.05.30"]
[EventType "swiss (blitz)"]
[EventRounds "11"]
[EventCountry "USA"]
[SourceTitle "CBM 214 Extra"]
[Source "ChessBase"]
[SourceDate "2023.07.31"]
[SourceVersion "1"]
[SourceVersionDate "2023.07.31"]
[SourceQuality "1"]

1. Nf3 d5 2. b3 Bg4 3. Bb2 Bxf3 4. exf3 Nc6 5. f4 Qd6 6. g3 h5 7. Bg2 h4 8. Nc3 Nf6 9. Nb5 Qd7 10. Nd4 Nxd4 11. Bxd4 g6 12. Qe2 Bg7 13. 0-0-0 h3 14. Bf3 0-0 15. Rhe1 e6 16. Qe3 b6 17. Be5 c5 18. d4 Rac8 19. dxc5 bxc5 20. g4 c4 21. Qd4 Qe7 22. f5 Qa3+ 23. Kb1 c3 24. Qxc3 Rxc3 25. Bxc3 gxf5 26. gxf5 Kh7 27. Rd3 Rc8 28. Bb2 Qc5 29. Bd1 Qxf2 30. Rxh3+ Kg8 31. Rhe3 Ne4 32. fxe6 fxe6 33. Bxg7 Kxg7 34. Kb2 Qf6+ 35. Ka3 Qf8+ 36. Kb2 Qf6+ 37. Ka3 Rc6 38. b4 Ra6+ 0-1

[Event "Titled Tuesday intern op 30th May Early"]
[Site "Chess.com INT"]
[Date "2023.05.30"]
[Round "2"]
[White "Rendle, Thomas E"]
[Black "Rangel, Daniel"]
[Result "1-0"]
[WhiteElo "2375"]
[BlackElo "2207"]
[PlyCount "53"]
[EventDate "2023.05.30"]
[EventType "swiss (blitz)"]
[EventRounds "11"]
[EventCountry "USA"]
[SourceTitle "CBM 214 Extra"]
[Source "ChessBase"]
[SourceDate "2023.07.31"]
[SourceVersion "1"]
[SourceVersionDate "2023.07.31"]
[SourceQuality "1"]

1. d4 Nf6 2. Nf3 e6 3. e3 b6 4. Bd3 Bb7 5. 0-0 g6 6. c4 Bg7 7. Nc3 0-0 8. e4 d5 9. cxd5 exd5 10. e5 Ne4 11. Re1 Nxc3 12. bxc3 c5 13. Bg5 Qd7 14. Qd2 Ba6 15. Bc2 Nc6 16. Bf6 Nd8 17. Rad1 cxd4 18. Nxd4 Ne6 19. Nf5 Bxf6 20. exf6 Kh8 21. Qh6 Rg8 22. Ne7 Bc4 23. Re3 Nc5 24. Rd4 Ne4 25. Bxe4 Qd6 26. Qxh7+ Kxh7 27. Rh3# 1-0

[Event "BCF-chT 2223 (4NCL)"]
[Site "England"]
[Date "2023.04.30"]
[Round "10.3"]
[White "Gallana, Marco"]
[Black "Rendle, Thomas E"]
[Result "0-1"]
[WhiteElo "2265"]
[BlackElo "2384"]
[PlyCount "68"]
[EventDate "2022.10.22"]
[EventType "team-swiss"]
[EventRounds "11"]
[EventCountry "ENG"]
[SourceTitle "EXT 2024"]
[Source "ChessBase"]
[SourceDate "2023.10.10"]
[SourceVersion "1"]
[SourceVersionDate "2023.10.10"]
[SourceQuality "1"]
[WhiteTeam "Celtic Tigers"]
[BlackTeam "The Sharks"]
[WhiteTeamCountry "ENG"]
[BlackTeamCountry "ENG"]

1. c4 c6 2. g3 Nf6 3. Bg2 d5 4. Nf3 dxc4 5. 0-0 Nbd7 6. Qc2 Nb6 7. Na3 g6 8. Nxc4 Nxc4 9. Qxc4 Bg7 10. Re1 0-0 11. d4 Bf5 12. Ne5 Nd7 13. e4 Be6 14. Qb4 Nxe5 15. dxe5 Bxe5 16. Bh6 Re8 17. Qxb7 Qb6 18. Qxb6 axb6 19. a4 Bxb2 20. Rab1 Bd4 21. e5 Rec8 22. Rbc1 Rxa4 23. Rxc6 Rxc6 24. Bxc6 Ra2 25. Rd1 Bh3 26. Bb5 Bxf2+ 27. Kh1 Bg2+ 28. Kxg2 Be3+ 29. Kh3 Bxh6 30. e6 f5 31. Rd7 Kf8 32. Bd3 Be3 33. g4 Bf4 34. gxf5 h5 0-1